Riconosci lo Stato - Quiz n°85 - Statistics

Statistiche generali
  • Questo quiz è stato fatto 44 volte
  • Il punteggio medio è 11 su 13
Statistiche sulle risposte
Indizio Risposta % Corretto
Iniziale della Capitale B
92%
Indipendenza 13 luglio 1878 dall'impero ottomano
89%
Presidente della Repubblica Klaus Iohannis
89%
Valuta Leu
87%
Fuso Orario UTC+2 UTC+3 in ora legale
87%
Primo ministro Marcel Ciolacu
84%
Forma di Governo Repubblica semipresidenziale
84%
Superficie 238 391 km²
82%
PIL (nominale) 239 851 milioni di $
82%
ISU 0,802
79%
Popolazione 19 053 815 ab.
79%
Tasso di crescita -0,26%
76%
Risposta Romania
76%
Nessun quiz corrispondente trovato
Distribuzione punteggi
Percentuale di utenti per punteggio
Percentile per numero di risposta
I tuoi punteggi nel tempo
Non hai fatto questo quiz